[Event "Aktobe Dvorkovich op-A"]
[Site "Aktobe"]
[Date "2025.06.28"]
[Round "7"]
[White "Urazayev, Arystanbek"]
[Black "Aditya, Mittal"]
[Result "1/2-1/2"]
[WhiteElo "2490"]
[BlackElo "2563"]
[PlyCount "82"]
[EventDate "2025.06.22"]
[EventType "swiss"]
[EventRounds "9"]
[EventCountry "KAZ"]
[SourceTitle "CB27_2025"]
[SourceDate "2025.07.02"]
[SourceVersion "1"]
[SourceVersionDate "2025.07.02"]
[SourceQuality "1"]

1. e4 c5 2. Nf3 Nc6 3. Nc3 Nf6 4. Bb5 Qc7 5. d3 e6 6. 0-0 d6 7. d4 cxd4 8. Nxd4 a6 9. Nxc6 axb5 10. Nd4 b4 11. Ncb5 Qd7 12. Qd3 Be7 13. c4 bxc3 14. Nxc3 0-0 15. Ndb5 d5 16. exd5 Nxd5 17. Nxd5 exd5 18. Be3 b6 19. Nc3 Bf6 20. Qxd5 Qxd5 21. Nxd5 Bxb2 22. Rab1 Bf6 23. Nxf6+ gxf6 24. Rxb6 Be6 25. a3 Rfc8 26. Ra1 Rc4 27. h3 Kg7 28. Bd2 f5 29. Bb4 f4 30. a4 f3 31. a5 fxg2 32. Kxg2 Bd5+ 33. Kh2 Rc2 34. Rg1+ Kh8 35. Rf6 Rg8 36. Rxg8+ Kxg8 37. Rf5 Bb7 38. Rg5+ Kh8 39. Bc5 f6 40. Bd4 Rxf2+ 41. Bxf2 fxg5 1/2-1/2

[Event "Aktobe Dvorkovich op-A"]
[Site "Aktobe"]
[Date "2025.06.25"]
[Round "4"]
[White "Aditya, Mittal"]
[Black "Abdilkhair, Abilmansur"]
[Result "1-0"]
[WhiteElo "2563"]
[BlackElo "2401"]
[PlyCount "53"]
[EventDate "2025.06.22"]
[EventType "swiss"]
[EventRounds "9"]
[EventCountry "KAZ"]
[SourceTitle "CB27_2025"]
[SourceDate "2025.07.02"]
[SourceVersion "1"]
[SourceVersionDate "2025.07.02"]
[SourceQuality "1"]

1. c4 Nf6 2. Nc3 d5 3. cxd5 Nxd5 4. Nf3 g6 5. Qb3 Nb6 6. d4 Bg7 7. Bf4 Be6 8. Qa3 Nc4 9. Qb4 c5 10. Qxc5 0-0 11. e3 Nd7 12. Qb4 Ndb6 13. Ng5 a5 14. Qb3 a4 15. Qb4 Bd5 16. e4 h6 17. Nf3 Be6 18. d5 a3 19. b3 f5 20. e5 Nb2 21. dxe6 g5 22. Be3 Nd5 23. Nxd5 Qxd5 24. Bc4 f4 25. 0-0 Qe4 26. Bc5 g4 27. Rae1 1-0

[Event "Aktobe Dvorkovich op-A"]
[Site "Aktobe"]
[Date "2025.06.23"]
[Round "2"]
[White "Aditya, Mittal"]
[Black "Lee, Jun Hyeok"]
[Result "1/2-1/2"]
[WhiteElo "2563"]
[BlackElo "2434"]
[PlyCount "118"]
[EventDate "2025.06.22"]
[EventType "swiss"]
[EventRounds "9"]
[EventCountry "KAZ"]
[SourceTitle "CB27_2025"]
[SourceDate "2025.07.02"]
[SourceVersion "1"]
[SourceVersionDate "2025.07.02"]
[SourceQuality "1"]

1. e4 c5 2. Nf3 d6 3. d4 cxd4 4. Nxd4 Nf6 5. Nc3 a6 6. Bc4 e6 7. Be3 b5 8. Bb3 Be7 9. a3 0-0 10. Qe2 Bb7 11. f3 Nc6 12. 0-0-0 Qb8 13. g4 Nxd4 14. Bxd4 Bc6 15. f4 Nd7 16. f5 Nc5 17. Rhf1 Nxb3+ 18. cxb3 b4 19. axb4 e5 20. Be3 Rc8 21. f6 Bxf6 22. Rxf6 gxf6 23. g5 Bxe4 24. Bc5 f5 25. Rxd6 a5 26. Rd7 axb4 27. Nxe4 fxe4 28. Qc4 Rxc5 29. Qxc5 e3 30. Kd1 e4 31. Qf5 Ra1+ 32. Ke2 Qxh2+ 33. Kxe3 Re1+ 34. Kd4 Rd1+ 35. Kc4 Rxd7 36. Qxd7 Qe5 37. Kxb4 e3 38. Qc8+ Kg7 39. Qc3 Qxc3+ 40. Kxc3 Kg6 41. b4 Kxg5 42. b5 Kf4 43. b6 Kf3 44. b7 e2 45. Kd2 Kf2 46. b8Q e1Q+ 47. Kd3 Qe3+ 48. Kc4 Qe4+ 49. Kc5 Qf5+ 50. Kd4 Qd7+ 51. Kc5 Qf5+ 52. Kd4 Qg4+ 53. Kc5 h5 54. b4 Qf5+ 55. Kb6 Qe6+ 56. Ka5 Qa2+ 57. Kb6 Qe6+ 58. Ka5 Qa2+ 59. Kb6 Qe6+ 1/2-1/2

[Event "Dubai op-A 25th"]
[Site "Dubai"]
[Date "2025.05.29"]
[Round "3"]
[White "Aditya, Mittal"]
[Black "Sahib, Singh"]
[Result "1/2-1/2"]
[WhiteElo "2547"]
[BlackElo "2416"]
[PlyCount "59"]
[EventDate "2025.05.27"]
[EventType "swiss"]
[EventRounds "9"]
[EventCountry "UAE"]
[SourceTitle "CB23_2025"]
[SourceDate "2025.06.04"]
[SourceVersion "1"]
[SourceVersionDate "2025.06.04"]
[SourceQuality "1"]

1. d4 d5 2. c4 e6 3. Nc3 Nf6 4. cxd5 exd5 5. Bg5 Bb4 6. Qc2 h6 7. Bh4 g5 8. Bg3 Ne4 9. e3 h5 10. f3 Nxg3 11. hxg3 Qe7 12. Kf2 Be6 13. a3 Bd6 14. Nb5 c6 15. Nxd6+ Qxd6 16. Bd3 Nd7 17. Qc3 0-0-0 18. Ne2 f5 19. Qb4 Qxb4 20. axb4 a6 21. Rhc1 Kc7 22. b5 axb5 23. Bxb5 Ra8 24. Bd3 Kd6 25. Nc3 Nf6 26. Na4 Nd7 27. Nc3 Nf6 28. b3 Rhf8 29. Rh1 Ne4+ 30. Nxe4+ 1/2-1/2

[Event "Sharjah Masters-A 8th"]
[Site "Sharjah"]
[Date "2025.05.21"]
[Round "5"]
[White "Aditya, Mittal"]
[Black "Tin, Jingyao"]
[Result "1-0"]
[WhiteElo "2547"]
[BlackElo "2601"]
[PlyCount "87"]
[EventDate "2025.05.17"]
[EventType "swiss"]
[EventRounds "9"]
[EventCountry "UAE"]
[SourceTitle "CB22_2025"]
[SourceDate "2025.05.28"]
[SourceVersion "1"]
[SourceVersionDate "2025.05.28"]
[SourceQuality "1"]

1. d4 Nf6 2. c4 e6 3. Nc3 Bb4 4. a3 Bxc3+ 5. bxc3 d6 6. e4 Nxe4 7. Qg4 f5 8. Qxg7 Qf6 9. Qxf6 Nxf6 10. Bd3 Rg8 11. h4 Nc6 12. Bg5 Kf7 13. Ne2 b6 14. f3 Ne7 15. Kf2 Ba6 16. Rhe1 Rge8 17. Rad1 c5 18. Ng3 Rad8 19. d5 e5 20. Nxf5 Nxf5 21. Bxf5 Bxc4 22. h5 Rh8 23. Be6+ Kg7 24. g4 Ba6 25. f4 exf4 26. Bf5 Rhe8 27. Re6 Rxe6 28. dxe6 h6 29. Bxf4 Bc8 30. Re1 Nd5 31. e7 Re8 32. Bxc8 Rxc8 33. e8Q Rxe8 34. Rxe8 Nxf4 35. Rd8 Nd3+ 36. Kg3 Nb2 37. Rd7+ Kg8 38. Rxd6 Na4 39. Kf4 Nxc3 40. Ke5 Nb5 41. Rxh6 Nxa3 42. Rc6 Kg7 43. Rc7+ Kh6 44. Kf5 1-0

[Event "Sharjah Masters-A 8th"]
[Site "Sharjah"]
[Date "2025.05.19"]
[Round "3"]
[White "Aditya, Mittal"]
[Black "Sargissian, Gabriel"]
[Result "1-0"]
[WhiteElo "2547"]
[BlackElo "2641"]
[PlyCount "85"]
[EventDate "2025.05.17"]
[EventType "swiss"]
[EventRounds "9"]
[EventCountry "UAE"]
[SourceTitle "CB22_2025"]
[SourceDate "2025.05.28"]
[SourceVersion "1"]
[SourceVersionDate "2025.05.28"]
[SourceQuality "1"]

1. e4 e5 2. Nf3 Nc6 3. Bc4 Nf6 4. Ng5 d5 5. exd5 Na5 6. Bb5+ c6 7. dxc6 bxc6 8. Bd3 Nd5 9. Nf3 Bd6 10. 0-0 Nf4 11. Nc3 Nxd3 12. cxd3 0-0 13. b3 Re8 14. Re1 f6 15. Ne4 Bf8 16. Bb2 c5 17. Ba3 Nb7 18. b4 Qxd3 19. Re3 Qd5 20. bxc5 Bf5 21. Nc3 Qf7 22. d4 Na5 23. Nb5 Rab8 24. Nd6 Bxd6 25. cxd6 Nc4 26. Rc3 Nxa3 27. Rxa3 e4 28. Nd2 Qd5 29. Nf1 Qxd6 30. Rxa7 Rb4 31. Ne3 Bg6 32. Rc1 Reb8 33. h4 h5 34. Qc2 Rxd4 35. Qc7 Qxc7 36. Rcxc7 Kh7 37. Rxg7+ Kh6 38. g4 hxg4 39. Nxg4+ Kh5 40. Nxf6+ Kh6 41. Ng8+ Kh5 42. Ra5+ Kxh4 43. Rxg6 1-0

[Event "Asia-ch"]
[Site "Al Ain"]
[Date "2025.05.13"]
[Round "7"]
[White "Bersamina, Paulo"]
[Black "Aditya, Mittal"]
[Result "1/2-1/2"]
[WhiteElo "2426"]
[BlackElo "2547"]
[PlyCount "242"]
[EventDate "2025.05.07"]
[EventType "swiss"]
[EventRounds "9"]
[EventCountry "UAE"]
[SourceTitle "CB21_2025"]
[SourceDate "2025.05.21"]
[SourceVersion "1"]
[SourceVersionDate "2025.05.21"]
[SourceQuality "1"]

1. e4 c5 2. Nf3 d6 3. d4 cxd4 4. Nxd4 Nf6 5. Nc3 a6 6. Rg1 b5 7. g4 Bb7 8. g5 Nfd7 9. a3 g6 10. Be3 h6 11. h4 hxg5 12. hxg5 Bg7 13. Qd2 Nb6 14. 0-0-0 N8d7 15. Be2 Qc7 16. Rh1 Nc4 17. Bxc4 Qxc4 18. b3 Qc7 19. Rxh8+ Bxh8 20. Rh1 Bg7 21. Rh7 Kf8 22. Nde2 Kg8 23. Rh3 Qa5 24. Kb2 Bxe4 25. Bd4 Bf5 26. Rh4 e5 27. Be3 Qc7 28. Ng3 Rc8 29. Nxf5 gxf5 30. Nd5 Qd8 31. f4 exf4+ 32. Bd4 Qxg5 33. Rxf4 Ne5 34. Qf2 Kf8 35. Kb1 Bh6 36. Qf1 Ke8 37. Rf2 Ng4 38. Re2+ Kf8 39. Qe1 f4 40. Nb6 f3 41. Re8+ Rxe8 42. Nd7+ Kg8 43. Qxe8+ Kh7 44. Qxf7+ Bg7 45. Nf8+ Kh6 46. Bxg7+ Qxg7 47. Qxf3 Qe7 48. Qf4+ Kg7 49. Qxg4+ Kxf8 50. Qc8+ Kf7 51. Qxa6 Qe1+ 52. Ka2 Qc3 53. Qb7+ Ke6 54. Qe4+ Kd7 55. Qd3 Qe5 56. Qd2 Kc6 57. Qa5 Kb7 58. Kb1 Qd5 59. Qb4 Ka6 60. Kb2 Qe5+ 61. Qc3 Qd5 62. Ka2 Kb7 63. Qd3 Qe5 64. Kb1 Qe1+ 65. Kb2 Qe5+ 66. Qc3 Qd5 67. Qe3 Ka6 68. Kc3 Qc6+ 69. Kd3 Qh1 70. Qe4 Qh3+ 71. Kd2 Qh2+ 72. Kc3 Kb6 73. Qe3+ Kc6 74. Qe8+ Kb6 75. Qb8+ Ka6 76. Qa8+ Kb6 77. Qd5 Qg3+ 78. Qd3 Qe1+ 79. Kb2 Qe5+ 80. Qc3 Qd5 81. Qe3+ Ka6 82. Qf4 Kb6 83. Qf2+ Ka6 84. Qe3 Qc6 85. Qd4 Qc7 86. Qc3 Qd7 87. Kb1 Kb7 88. Qb4 Ka6 89. Kb2 Qg7+ 90. Qc3 Qd7 91. Ka2 Kb7 92. Qf3+ Kb6 93. Qe3+ Kb7 94. Qe4+ Kb6 95. c4 bxc4 96. Qxc4 Qf5 97. Qd4+ Kc6 98. Kb2 Qh5 99. a4 Qe2+ 100. Ka3 Qe1 101. Qc4+ Kd7 102. Qd5 Qc3 103. a5 Qe1 104. Ka4 Kc7 105. Qc4+ Kd7 106. Qd4 Qe2 107. Qd5 Qc2 108. Kb5 Qe2+ 109. Kb6 Qe3+ 110. Kb7 Qc3 111. Qb5+ Kd8 112. Qb6+ Kd7 113. a6 Qf3+ 114. Kb8 Qf8+ 115. Ka7 d5 116. b4 Qf1 117. b5 Qc4 118. Qc6+ Qxc6 119. bxc6+ Kc7 120. Ka8 d4 121. a7 d3 1/2-1/2

[Event "Asia-ch"]
[Site "Al Ain"]
[Date "2025.05.08"]
[Round "2"]
[White "Aditya, Mittal"]
[Black "Bai, Adelard"]
[Result "1-0"]
[WhiteElo "2547"]
[BlackElo "2393"]
[PlyCount "67"]
[EventDate "2025.05.07"]
[EventType "swiss"]
[EventRounds "9"]
[EventCountry "UAE"]
[SourceTitle "CB21_2025"]
[SourceDate "2025.05.21"]
[SourceVersion "1"]
[SourceVersionDate "2025.05.21"]
[SourceQuality "1"]

1. e4 c5 2. Nf3 Nc6 3. Bb5 e5 4. 0-0 Bd6 5. d3 a6 6. Bc4 Nf6 7. Nc3 0-0 8. Nd5 Nxd5 9. Bxd5 Ne7 10. Bg5 Qc7 11. Bb3 b5 12. Nh4 Bb7 13. Qg4 Kh8 14. Bxe7 Bxe7 15. Nf5 Bf6 16. Ne3 d6 17. a4 g6 18. Bd5 h5 19. Qg3 Bg7 20. axb5 axb5 21. Qf3 Bxd5 22. Nxd5 Qb7 23. g4 hxg4 24. Qxg4 Kg8 25. h4 Rxa1 26. Rxa1 Ra8 27. Rxa8+ Qxa8 28. Qd7 Bf8 29. h5 gxh5 30. Nf6+ Kg7 31. Nxh5+ Kg8 32. Nf6+ Kg7 33. Ne8+ Kg8 34. Qg4+ 1-0

[Event "Baku op-A"]
[Site "Baku"]
[Date "2025.04.30"]
[Round "3"]
[White "Mohamed, Anees M"]
[Black "Aditya, Mittal"]
[Result "1/2-1/2"]
[WhiteElo "2414"]
[BlackElo "2547"]
[PlyCount "60"]
[EventDate "2025.04.28"]
[EventType "swiss"]
[EventRounds "9"]
[EventCountry "AZE"]
[SourceTitle "CB19_2025"]
[SourceDate "2025.05.07"]
[SourceVersion "1"]
[SourceVersionDate "2025.05.07"]
[SourceQuality "1"]

1. e4 e5 2. Nf3 Nc6 3. Nc3 Nf6 4. Nd5 Nxd5 5. exd5 Nd4 6. Nxd4 exd4 7. Qe2+ Qe7 8. b3 c5 9. c3 b6 10. cxd4 cxd4 11. Bb2 Bb7 12. Qxe7+ Bxe7 13. Bxd4 Bxd5 14. Bxg7 Rg8 15. Bc3 a5 16. 0-0-0 a4 17. Kb2 axb3 18. axb3 Ba3+ 19. Kc2 Bc5 20. Bc4 Be4+ 21. Kc1 Bxg2 22. Rhg1 0-0-0 23. Bxf7 Bxf2 24. Bxg8 Rxg8 25. Rdf1 Bxg1 26. Rxg1 Kb7 27. Kb2 Rg6 28. Bd4 Kc6 29. Be3 Kb5 30. Ka3 Be4 1/2-1/2

[Event "Baku op-A"]
[Site "Baku"]
[Date "2025.04.28"]
[Round "1"]
[White "Scheglov, Gleb"]
[Black "Aditya, Mittal"]
[Result "1/2-1/2"]
[WhiteElo "2318"]
[BlackElo "2547"]
[PlyCount "122"]
[EventDate "2025.04.28"]
[EventType "swiss"]
[EventRounds "9"]
[EventCountry "AZE"]
[SourceTitle "CB19_2025"]
[SourceDate "2025.05.07"]
[SourceVersion "1"]
[SourceVersionDate "2025.05.07"]
[SourceQuality "1"]

1. d4 Nf6 2. Nf3 d5 3. g3 Bf5 4. Bg2 e6 5. 0-0 Be7 6. c4 c6 7. Nc3 h6 8. Qb3 Qb6 9. c5 Qa6 10. Bf4 b6 11. Bxb8 Rxb8 12. Ne5 Qb7 13. cxb6 axb6 14. e4 dxe4 15. Rfe1 0-0 16. Nxe4 Nxe4 17. Rxe4 Bxe4 18. Bxe4 Bf6 19. Nxc6 Rbc8 20. Qf3 Qa6 21. d5 exd5 22. Bxd5 Rfe8 23. Rc1 Rc7 24. b4 Qe2 25. a4 Bg5 26. Rc4 Rd7 27. h4 Bf6 28. Kg2 Qxf3+ 29. Bxf3 Rd2 30. a5 bxa5 31. bxa5 Ra2 32. Rc5 g6 33. h5 gxh5 34. Bxh5 Kg7 35. Rd5 Re6 36. Nb4 Ra4 37. Nd3 Rd4 38. Nf4 Rxd5 39. Nxd5 Bd8 40. Ne3 Bxa5 41. Bg4 Re4 42. Bf5 Ra4 43. Bb1 h5 44. Bc2 Ra2 45. Bb3 Re2 46. Bd1 Rd2 47. Bxh5 Bb6 48. Kf3 Kf6 49. g4 Rd7 50. Nf5 Rd2 51. Ne3 Rd7 52. Nf5 Ke5 53. Ne3 Bd8 54. Nc4+ Kf6 55. Ke4 Re7+ 56. Kf3 Rd7 57. Ke4 Bc7 58. Ne3 Kg5 59. Nd5 f5+ 60. gxf5 Rxd5 61. Kxd5 Kxf5 1/2-1/2

[Event "Tashkent Agzamov Memorial 18th"]
[Site "Tashkent"]
[Date "2025.03.27"]
[Round "8"]
[White "Aditya, Mittal"]
[Black "Vaz, Ethan"]
[Result "1-0"]
[WhiteElo "2550"]
[BlackElo "2430"]
[PlyCount "89"]
[EventDate "2025.03.20"]
[EventType "swiss"]
[EventRounds "10"]
[EventCountry "UZB"]
[SourceTitle "CB14_2025"]
[SourceDate "2024.11.01"]
[SourceVersion "1"]
[SourceVersionDate "2024.11.01"]
[SourceQuality "1"]

1. d4 Nf6 2. c4 g6 3. Nc3 Bg7 4. e4 d6 5. h3 0-0 6. Be3 e5 7. d5 Na6 8. g4 Nc5 9. f3 a5 10. h4 h5 11. g5 Nh7 12. Qd2 a4 13. 0-0-0 Bd7 14. Nh3 f6 15. gxf6 Bxf6 16. Rg1 Be8 17. f4 Kh8 18. f5 gxf5 19. exf5 a3 20. b4 Na4 21. Ne4 Nb2 22. Bh6 Bd7 23. Nxf6 Qxf6 24. Rg6 Qe7 25. Bg7+ Qxg7 26. Rxg7 Kxg7 27. Re1 Bxf5 28. Ng5 Nxg5 29. Qxg5+ Kh8 30. Be2 Nd3+ 31. Bxd3 Bxd3 32. Rg1 Rf7 33. Qxh5+ Rh7 34. Qf3 Rg8 35. Rxg8+ Kxg8 36. Qxd3 Rf7 37. Qxa3 Rf1+ 38. Kd2 Rf2+ 39. Ke3 Rf4 40. Qa8+ Kg7 41. Qxb7 Rxc4 42. a4 Kg6 43. a5 Rxh4 44. a6 Rh3+ 45. Ke4 1-0

[Event "Tashkent Agzamov Memorial 18th"]
[Site "Tashkent"]
[Date "2025.03.21"]
[Round "2"]
[White "Aditya, Mittal"]
[Black "Khoroshev, Nikita"]
[Result "1-0"]
[WhiteElo "2550"]
[BlackElo "2358"]
[PlyCount "51"]
[EventDate "2025.03.20"]
[EventType "swiss"]
[EventRounds "10"]
[EventCountry "UZB"]
[SourceTitle "CB14_2025"]
[SourceDate "2024.11.01"]
[SourceVersion "1"]
[SourceVersionDate "2024.11.01"]
[SourceQuality "1"]

1. c4 Nf6 2. Nc3 g6 3. e4 d6 4. d4 Bg7 5. h3 0-0 6. Be3 Na6 7. g4 c5 8. Nge2 cxd4 9. Nxd4 Nc5 10. Bg2 h5 11. g5 Nfd7 12. 0-0 Ne5 13. b3 Nc6 14. Nde2 a5 15. Rb1 Bd7 16. Qd2 Qc8 17. Kh2 Qb8 18. f4 Rd8 19. Nd5 Be6 20. f5 Bxd5 21. exd5 Ne5 22. Qc2 Ncd7 23. Nf4 Nf8 24. Be4 gxf5 25. Bxf5 h4 26. g6 1-0

[Event "Chessable Masters Play In"]
[Site "Chess.com INT"]
[Date "2025.02.17"]
[Round "1"]
[White "Aditya, Mittal"]
[Black "Sargsyan, Shant"]
[Result "0-1"]
[WhiteElo "2550"]
[BlackElo "2660"]
[PlyCount "90"]
[EventDate "2025.02.17"]
[EventType "swiss (blitz)"]
[EventRounds "9"]
[EventCountry "USA"]
[SourceTitle "CB08_2025"]
[SourceDate "2025.02.19"]
[SourceVersion "1"]
[SourceVersionDate "2025.02.19"]
[SourceQuality "1"]

1. e4 e5 2. Nf3 Nc6 3. Bb5 a6 4. Ba4 Nf6 5. 0-0 Be7 6. Re1 b5 7. Bb3 0-0 8. d3 d6 9. a3 Be6 10. c3 Qd7 11. Nbd2 h6 12. Nf1 Rfe8 13. Ng3 Bf8 14. d4 Bxb3 15. Qxb3 Na5 16. Qc2 c5 17. d5 c4 18. Nd2 g6 19. a4 h5 20. b4 cxb3 21. Nxb3 Nc4 22. Nd2 Nb6 23. a5 Na4 24. c4 Rec8 25. Ba3 Bh6 26. Ngf1 h4 27. h3 Nh5 28. Qb3 Nc5 29. Qf3 Nf4 30. Reb1 Ncd3 31. Ne3 Rab8 32. Qg4 Qa7 33. Ndf1 b4 34. Bc1 Qd4 35. Nf5 Qxf2+ 36. Kh2 Bf8 37. Be3 Qxg2+ 38. Qxg2 Nxg2 39. Kxg2 gxf5 40. exf5 Rxc4 41. Nd2 Rc2 42. Kf3 e4+ 43. Nxe4 Ne5+ 44. Kf4 Bh6+ 45. Ng5 Rc4+ 0-1

[Event "Julius Baer GenCup Pl/In"]
[Site "Chess.com INT"]
[Date "2024.09.25"]
[Round "2"]
[White "Aditya, Mittal"]
[Black "Bluebaum, Matthias"]
[Result "1/2-1/2"]
[WhiteElo "2565"]
[BlackElo "2640"]
[PlyCount "61"]
[EventDate "2024.09.25"]
[EventType "swiss (rapid)"]
[EventRounds "9"]
[EventCountry "GER"]
[SourceTitle "EXT 2025"]
[Source "ChessBase"]
[SourceDate "2024.10.14"]
[SourceVersion "1"]
[SourceVersionDate "2024.10.14"]
[SourceQuality "1"]

1. d4 d5 2. c4 e6 3. Nc3 Bb4 4. e3 Nf6 5. a3 Bxc3+ 6. bxc3 c6 7. a4 0-0 8. Nf3 Qc7 9. Ba3 Re8 10. Qc2 Nbd7 11. cxd5 cxd5 12. c4 e5 13. dxe5 Nxe5 14. Nxe5 Qxe5 15. Bb2 Qg5 16. h4 Qh6 17. Be2 Bg4 18. 0-0 Bxe2 19. Qxe2 dxc4 20. Bxf6 Qxf6 21. Qxc4 Rac8 22. Qb4 b6 23. a5 h5 24. axb6 axb6 25. Rab1 Re6 26. Rfc1 Rec6 27. Rxc6 Rxc6 28. Qe4 g6 29. g3 Kg7 30. Kg2 Rd6 31. Qb4 1/2-1/2

[Event "Julius Baer GenCup Pl/In"]
[Site "Chess.com INT"]
[Date "2024.09.25"]
[Round "9"]
[White "Aditya, Mittal"]
[Black "Frolyanov, Dmitry"]
[Result "1-0"]
[WhiteElo "2565"]
[BlackElo "2479"]
[PlyCount "89"]
[EventDate "2024.09.25"]
[EventType "swiss (rapid)"]
[EventRounds "9"]
[EventCountry "GER"]
[SourceTitle "EXT 2025"]
[Source "ChessBase"]
[SourceDate "2024.10.14"]
[SourceVersion "1"]
[SourceVersionDate "2024.10.14"]
[SourceQuality "1"]

1. e4 e5 2. Nf3 Nf6 3. Nc3 Nc6 4. Bb5 Nd4 5. Bc4 Bc5 6. Nxe5 Qe7 7. Nf3 d5 8. Bxd5 Bg4 9. h3 Bxf3 10. gxf3 0-0-0 11. Kf1 Nh5 12. d3 c6 13. Bb3 Qh4 14. Be3 Nxb3 15. axb3 Bxe3 16. fxe3 Ng3+ 17. Kg2 Nxh1 18. Qxh1 Rd6 19. Qe1 Qh5 20. Ne2 Qc5 21. Nd4 Rhd8 22. Qa5 Qxa5 23. Rxa5 Kb8 24. Nf5 R6d7 25. f4 g6 26. Nh6 b6 27. Ra4 c5 28. e5 Kb7 29. Kf3 a5 30. Re4 Kc6 31. Ng4 h5 32. Nf6 Ra7 33. d4 b5 34. e6 Re7 35. exf7 Rxf7 36. Re6+ Kc7 37. d5 a4 38. e4 axb3 39. cxb3 c4 40. bxc4 bxc4 41. e5 Kb8 42. Rb6+ Ka7 43. Rc6 g5 44. Rxc4 gxf4 45. d6 1-0

[Event "Julius Baer GenCup Pl/In"]
[Site "Chess.com INT"]
[Date "2024.09.25"]
[Round "5"]
[White "Aditya, Mittal"]
[Black "Meier, Georg"]
[Result "0-1"]
[WhiteElo "2565"]
[BlackElo "2591"]
[PlyCount "128"]
[EventDate "2024.09.25"]
[EventType "swiss (rapid)"]
[EventRounds "9"]
[EventCountry "GER"]
[SourceTitle "EXT 2025"]
[Source "ChessBase"]
[SourceDate "2024.10.14"]
[SourceVersion "1"]
[SourceVersionDate "2024.10.14"]
[SourceQuality "1"]

1. e4 e6 2. d4 d5 3. exd5 exd5 4. Bd3 Nf6 5. Nf3 Bd6 6. Qe2+ Be7 7. 0-0 0-0 8. Re1 Bd6 9. Bg5 h6 10. Bh4 g5 11. Bg3 Re8 12. Qf1 Rxe1 13. Qxe1 Nc6 14. c3 Nh5 15. Nbd2 Nxg3 16. hxg3 Kg7 17. Nf1 Qf6 18. Ne3 Ne7 19. Ne5 h5 20. Qe2 Qh6 21. c4 c6 22. cxd5 cxd5 23. Rc1 Be6 24. Bb5 Rd8 25. Ba4 g4 26. Bb3 Qg5 27. Nd3 Nc6 28. Nc5 Nxd4 29. Nxe6+ fxe6 30. Qd3 Be5 31. Bd1 Rf8 32. Qd2 a6 33. b4 Kh8 34. a4 Nf5 35. Nc4 Qxd2 36. Nxd2 Nd4 37. f4 Bd6 38. Nb3 Nf5 39. Kf2 Bxb4 40. Bc2 Rc8 41. Bxf5 Rxc1 42. Nxc1 Bc5+ 43. Ke2 exf5 44. Nb3 b6 45. Nc1 Kg7 46. Nd3 Kf6 47. Ne5 Ke6 48. Nd3 Kd6 49. Ne5 b5 50. axb5 axb5 51. Nf7+ Ke6 52. Ne5 b4 53. Nd3 Kd6 54. Kd2 Kc6 55. Kc2 Bd6 56. Kb3 Kb5 57. Ne1 Kc5 58. Nc2 Bxf4 59. gxf4 h4 60. Ne3 h3 61. gxh3 gxh3 62. Nxf5 h2 63. Ng3 d4 64. f5 d3 0-1

[Event "Julius Baer GenCup Pl/In"]
[Site "Chess.com INT"]
[Date "2024.09.25"]
[Round "6"]
[White "Lobanov, Sergei"]
[Black "Aditya, Mittal"]
[Result "0-1"]
[WhiteElo "2506"]
[BlackElo "2565"]
[PlyCount "88"]
[EventDate "2024.09.25"]
[EventType "swiss (rapid)"]
[EventRounds "9"]
[EventCountry "GER"]
[SourceTitle "EXT 2025"]
[Source "ChessBase"]
[SourceDate "2024.10.14"]
[SourceVersion "1"]
[SourceVersionDate "2024.10.14"]
[SourceQuality "1"]

1. d4 Nf6 2. c4 e6 3. Nc3 Bb4 4. e3 0-0 5. Bd3 d5 6. a3 Bxc3+ 7. bxc3 dxc4 8. Bxc4 c5 9. Ne2 Qc7 10. Bd3 b6 11. e4 cxd4 12. cxd4 Ba6 13. Bxa6 Nxa6 14. Qd3 Qb7 15. f3 Rac8 16. 0-0 Nb8 17. Bg5 Nfd7 18. Rad1 h6 19. Bh4 Qa6 20. Qe3 Rc2 21. Ng3 Rfc8 22. Nh5 Qb5 23. d5 e5 24. Qe1 Re2 25. Qg3 g6 26. Nf6+ Kg7 27. Nxd7 Nxd7 28. Kh1 Rcc2 29. Rg1 Qc5 30. d6 Rcd2 31. Rxd2 Rxd2 32. Be7 Qxa3 33. h4 h5 34. Qh3 Qa4 35. Rc1 Rd1+ 36. Rxd1 Qxd1+ 37. Kh2 Qa4 38. f4 f5 39. fxe5 Qxe4 40. e6 Qxe6 41. Qa3 a5 42. Qc1 Qe5+ 43. Kh3 f4 44. Qa3 Qe3+ 0-1

[Event "Karaganda Akim Cup"]
[Site "Karaganda"]
[Date "2024.09.04"]
[Round "9"]
[White "Suleymenov, Alisher"]
[Black "Aditya, Mittal"]
[Result "1-0"]
[WhiteElo "2461"]
[BlackElo "2591"]
[PlyCount "166"]
[EventDate "2024.08.27"]
[EventType "tourn"]
[EventRounds "9"]
[EventCountry "KAZ"]
[EventCategory "11"]
[SourceTitle "EXT 2025"]
[Source "ChessBase"]
[SourceDate "2024.10.14"]
[SourceVersion "1"]
[SourceVersionDate "2024.10.14"]
[SourceQuality "1"]

1. e4 c5 2. Nf3 d6 3. d4 cxd4 4. Nxd4 Nf6 5. Nc3 a6 6. Be3 e5 7. Nb3 Be6 8. Qd2 Nbd7 9. f3 h5 10. Nd5 Nxd5 11. exd5 Bf5 12. Na5 Be7 13. c4 Qc7 14. Be2 Bh4+ 15. g3 Be7 16. 0-0 0-0 17. b4 Rac8 18. Rad1 Qb8 19. Kh1 Rfe8 20. g4 hxg4 21. fxg4 Be4+ 22. Kg1 Rf8 23. Bd3 Bxd3 24. Qxd3 Rce8 25. Qf5 Qc8 26. g5 Bd8 27. Nb3 Bb6 28. Bxb6 Nxb6 29. c5 Qxf5 30. Rxf5 Nc4 31. Kf2 a5 32. bxa5 Ra8 33. Rc1 Nxa5 34. cxd6 Nxb3 35. axb3 Rad8 36. Rxe5 Rxd6 37. Ke3 f6 38. gxf6 Rfxf6 39. Kd4 Rd7 40. Rce1 Rf2 41. R1e2 Rf1 42. Rd2 Rc1 43. Rd3 Rc2 44. h3 Kf7 45. Rf3+ Kg6 46. Re6+ Kg5 47. d6 Rd2+ 48. Ke5 Re2+ 49. Kd5 Rd2+ 50. Kc5 Rc2+ 51. Kb5 Rd2 52. Rg3+ Kf4 53. Reg6 Ke5 54. R3g5+ Kd4 55. b4 Rd3 56. h4 Kc3 57. Kc5 Kb3 58. b5 Ka4 59. Kb6 Rd4 60. h5 Kb4 61. Rg4 R7xd6+ 62. Rxd6 Rxg4 63. Rd5 Kc4 64. Rc5+ Kd4 65. Rf5 Ke4 66. Rf7 Rg5 67. Rxb7 Ke5 68. Rc7 Kd6 69. Rc6+ Kd7 70. Rg6 Rxh5 71. Rxg7+ Kc8 72. Rg8+ Kd7 73. Ka6 Rh1 74. b6 Ra1+ 75. Kb7 Rb1 76. Ka7 Ra1+ 77. Kb8 Rb1 78. b7 Ra1 79. Rg2 Ra3 80. Rd2+ Ke6 81. Rd4 Ke5 82. Rb4 Kd5 83. Re4 Ra6 1-0

[Event "Karaganda Akim Cup"]
[Site "Karaganda"]
[Date "2024.08.28"]
[Round "2"]
[White "Ter Sahakyan, Samvel"]
[Black "Aditya, Mittal"]
[Result "1-0"]
[WhiteElo "2618"]
[BlackElo "2591"]
[PlyCount "77"]
[EventDate "2024.08.27"]
[EventType "tourn"]
[EventRounds "9"]
[EventCountry "KAZ"]
[EventCategory "11"]
[SourceTitle "EXT 2025"]
[Source "ChessBase"]
[SourceDate "2024.10.14"]
[SourceVersion "1"]
[SourceVersionDate "2024.10.14"]
[SourceQuality "1"]

1. d4 d5 2. c4 e6 3. Nf3 Nf6 4. Nc3 Be7 5. Bf4 0-0 6. e3 c5 7. dxc5 Bxc5 8. Qc2 Nc6 9. a3 Re8 10. Rd1 e5 11. Bg5 d4 12. Nd5 Be7 13. Bxf6 Bxf6 14. Bd3 g6 15. 0-0 Bg7 16. h3 f5 17. e4 Rf8 18. Rfe1 f4 19. b4 h5 20. b5 Na5 21. c5 g5 22. h4 gxh4 23. c6 h3 24. cxb7 Nxb7 25. Qc7 Bg4 26. Qxb7 Rf7 27. Qa6 Kh7 28. Bf1 Rd7 29. Rc1 Bxf3 30. gxf3 Rd6 31. Rc6 Qh4 32. Bxh3 Qxh3 33. Rxd6 Qxf3 34. Rg6 d3 35. Rc1 Rg8 36. Rc7 Kh8 37. Qe6 d2 38. Qxg8+ Kxg8 39. Rgxg7+ 1-0